The Fortune at the bottom of the pyramid (Record no. 4446)

MARC details
000 -LEADER
fixed length control field 00395nam a22001697a 4500
005 - DATE AND TIME OF LATEST TRANSACTION
control field 20160628142511.0
008 - FIXED-LENGTH DATA ELEMENTS--GENERAL INFORMATION
fixed length control field 160628b xxu||||| |||| 00| 0 eng d
020 ## - INTERNATIONAL STANDARD BOOK NUMBER
ISBN 81-297-0712-8
041 ## - LANGUAGE CODE
Language code of text/sound track or separate title eng
082 ## - DEWEY DECIMAL CLASSIFICATION NUMBER
Item number 10586
100 ## - MAIN ENTRY--AUTHOR NAME
Personal name Prahold, C.k.
245 ## - TITLE STATEMENT
Title The Fortune at the bottom of the pyramid
260 ## - PUBLICATION, DISTRIBUTION, ETC. (IMPRINT)
Name of publisher Pearson
300 ## - PHYSICAL DESCRIPTION
Number of Pages 388
650 ## - SUBJECT ADDED ENTRY--TOPICAL TERM
Topical Term Management
942 ## - ADDED ENTRY ELEMENTS (KOHA)
Koha item type Books
Holdings
Lost status Damaged status Collection code Home library Current library Shelving location Date acquired Cost, normal purchase price Accession Number Koha item type
    LIFE SKILL JRU Library JRU Library SHELF-103-I 28/06/2016 499.00 10586 Books
    LIFE SKILL JRU Library JRU Library SHELF-103-H 28/06/2016 499.00 10587 Books